Gran diccionario enciclopédico ilustrado de nuestro tiempo Duarte / (Record no. 48496)
[ view plain ]
| 000 -CABECERA | |
|---|---|
| campo de control de longitud fija | 00752nam a2200241 i 4500 |
| 001 - NÚMERO DE CONTROL | |
| campo de control | 000049008 |
| 003 - IDENTIFICADOR DEL NÚMERO DE CONTROL | |
| campo de control | DO-SdBNP |
| 005 - FECHA Y HORA DE LA ÚLTIMA TRANSACCIÓN | |
| campo de control | 20240118134423.0 |
| 007 - CAMPO FIJO DE DESCRIPCIÓN FÍSICA--INFORMACIÓN GENERAL | |
| campo de control de longitud fija | ta |
| 008 - DATOS DE LONGITUD FIJA--INFORMACIÓN GENERAL | |
| campo de control de longitud fija | 190715s1975 sp ab r 000 0 spa d |
| 040 ## - FUENTE DE LA CATALOGACIÓN | |
| Centro catalogador/agencia de origen | DO-SdBNP |
| Lengua de catalogación | spa |
| Centro/agencia transcriptor | BNPHU |
| Normas de descripción | rda |
| 082 ## - NÚMERO DE LA CLASIFICACIÓN DECIMAL DEWEY | |
| Número de clasificación | R 036.1 |
| Número de edición | 22 |
| 245 00 - MENCIÓN DE TÍTULO | |
| Título | Gran diccionario enciclopédico ilustrado de nuestro tiempo Duarte / |
| Mención de responsabilidad, etc. | ilustraciones Joaquín Montoliu. |
| 264 ## - PRODUCCIÓN, PUBLICACIÓN, DISTRIBUCIÓN, FABRICACIÓN Y COPYRIGHT | |
| Producción, publicación, distribución, fabricación y copyright | España : |
| Nombre del de productor, editor, distribuidor, fabricante | Ediciones Foto Repro, |
| Fecha de producción, publicación, distribución, fabricación o copyright | 1975. |
| 300 ## - DESCRIPCIÓN FÍSICA | |
| Extensión | volumen : |
| Otras características físicas | ilustraciones, mapas ; |
| Dimensiones | 25 cm. |
| 336 ## - TIPO DE CONTENIDO | |
| Fuente | rdacontent |
| Término de tipo de contenido | texto |
| Código de tipo de contenido | txt |
| 337 ## - TIPO DE MEDIO | |
| Fuente | rdamedia |
| Nombre/término del tipo de medio | sin mediación |
| Código del tipo de medio | n |
| 338 ## - TIPO DE SOPORTE | |
| Fuente | rdacarrier |
| Nombre/término del tipo de soporte | volumen |
| Código del tipo de soporte | nc |
| 590 ## - NOTA LOCAL (RLIN) | |
| Nota local | Inventariado, 2019/BT |
| 700 1# - PUNTO DE ACCESO ADICIONAL--NOMBRE DE PERSONA | |
| Nombre de persona | Montoliu, Joaquín, |
| Término indicativo de función/relación | il. |
| 9 (RLIN) | 76433 |
| 900 ## - ELEMENTOS DE DATOS A LOCAL, LDA (RLIN) | |
| Nombre de persona | BT |
| 942 ## - ELEMENTOS DE PUNTO DE ACCESO ADICIONAL (KOHA) | |
| Fuente del sistema de clasificación o colocación | Dewey Decimal Classification |
| Tipo de ítem Koha | Libro |
| Estado de retiro | Estado de pérdida | Restricciones de uso | No para préstamo | Código de colección | Localización permanente | Ubicación/localización actual | Ubicación en estantería | Fecha de adquisición | Número de inventario | Total de préstamos | Signatura topográfica completa | Código de barras | Fecha visto por última vez | Precio válido a partir de | Tipo de ítem Koha | Nota pública | Fuente del sistema de clasificación o colocación | Número de copia |
|---|---|---|---|---|---|---|---|---|---|---|---|---|---|---|---|---|---|---|
| Excluido de préstamo | Patrimonio Dominicano | Biblioteca Nacional Pedro Henríquez Ureña | Biblioteca Nacional Pedro Henríquez Ureña | En catalogación | 18.01.2024 | BNPHU PD R 036.1 | 2024-0323 | 18.01.2024 | 18.01.2024 | Libro | Dewey Decimal Classification | v.3 | ||||||
| Excluido de préstamo | Monografías: Libros y Folletos | Patrimonio Dominicano | Patrimonio Dominicano | Depósito | 15.07.2019 | LF1 | v.1 | 49009-10 | 25.06.2020 | 25.06.2020 | No se presta | Perteneció a la biblioteca peersonal de Bárbara Suncar. | ||||||
| Excluido de préstamo | Monografías: Libros y Folletos | Patrimonio Dominicano | Patrimonio Dominicano | Depósito | 15.07.2019 | LF1 | v.2 | 49009-20 | 25.06.2020 | 25.06.2020 | No se presta | Perteneció a la biblioteca personal de Bárbara Suncar. | ||||||
| Excluido de préstamo | Monografías: Libros y Folletos | Patrimonio Dominicano | Patrimonio Dominicano | Depósito | 15.07.2019 | LF1 | v.4 | 49009-30 | 25.06.2020 | 25.06.2020 | No se presta | Perteneció a la biblioteca personal de Bárbara Suncar. |
